Statistiken für Vornamen aus der Fußball-Bundesliga 2000/01

Klicken Sie hier um das Quiz zu spielen!

Allgemein

  • Dieses Quiz wurde 203 mal gespielt
  • Das Durchschnittsergebnis liegt bei 10 aus 18

Antwortstatistiken

NachnameVereinVorname% Korrekt
KovacHamburger SVNiko
95%
Klose1. FC KaiserslauternMiroslav
93%
HildebrandVfB StuttgartTimo
88%
SagnolBayern MüchenWilly
77%
ReckSchalke 04Oliver
74%
KovacBayer LeverkusenRobert
70%
DeislerHertha BSCSebastian
70%
FreierVfL BochumPaul
59%
SkripnikWerder BremenViktor
59%
Bierofka1860 MünchenDaniel
52%
TankoBorussia DortmundIbrahim
43%
TremmelSpVgg UnterhachingGerhard
40%
Scherz1. FC KölnMatthias
37%
WilliSC FreiburgTobias
36%
LantzHansa RostockMarcus
33%
BeeckEnergie CottbusChristian
31%
WeiserVfL WolfsburgPatrick
31%
Guié-MienEintracht FrankfurtRolf-Christel
27%

Verteilung der Resultate

Perzentil nach korrekt beantworteten Fragen

Anzahl Personen mit jedem Resultat

Ihre Resultats-Entwicklung

Sie haben dieses Quiz noch nicht gespielt